| 000 | 01452 a2200277 4500 | ||
|---|---|---|---|
| 003 | Nust | ||
| 005 | 20220729155227.0 | ||
| 010 | _a 00043465 | ||
| 020 | _a0471399922 (pbk. : alk. paper) | ||
| 040 | _cNust | ||
| 082 | 0 | 0 | _a004.62,MAN |
| 100 | 1 |
_aMann, Steve, _958233 |
|
| 245 | 1 | 4 |
_aThe wireless application protocol (WAP) : _ba Wiley tech brief / _cSteve Mann, Scott Sbihli. |
| 260 |
_aNew York : _bJohn Wiley, _cc2002. |
||
| 300 |
_axiv, 210 p. : _bill. ; _c24 cm. |
||
| 440 | 0 |
_aWiley tech brief series _995810 |
|
| 505 | _aWireless Data Primer (Page-1), A Brief History of WAP (Page-13), Why WAP? The Overview of WAP (Page-29), The WAP Application Environment (Page-45), WAP Client Software, Hardware and Web Sites (Page-59), WAP Gateways (Page-75), Some WAP Profile (Page-81), Implementing an Enterprise WAP Strategy (Page-91), The Future of WAP (Page-91), The Future of Wap (Page-97). | ||
| 650 | 0 |
_aComputer network protocols. _981627 |
|
| 650 | 0 |
_aWireless Application Protocol (Computer network protocol) _995746 |
|
| 650 | 0 |
_aWireless communication systems. _9594 |
|
| 700 | 1 |
_aSbihli, Scott. _995811 |
|
| 856 | 4 |
_3Contributor biographical information _uhttp://www.loc.gov/catdir/enhancements/fy0706/00043465-b.html |
|
| 856 | 4 |
_3Publisher description _uhttp://www.loc.gov/catdir/enhancements/fy0706/00043465-d.html |
|
| 856 | 4 |
_3Table of Contents _uhttp://www.loc.gov/catdir/toc/onix06/00043465.html |
|
| 942 |
_2ddc _cBK _k004.62,MAN |
||
| 999 |
_c176386 _d176386 |
||